Gestos y símbolos (Record no. 450405)
[ view plain ]
| 000 -CABECERA | |
|---|---|
| Campo de control de longitud fija | 00745nam a2200253 b 4500 |
| 001 - NÚMERO DE CONTROL | |
| Campo de control | 104770 |
| 003 - IDENTIFICADOR DEL NÚMERO DE CONTROL | |
| Campo de control | ES-SlBCS |
| 005 - FECHA Y HORA DE LA ÚLTIMA TRANSACCIÓN | |
| Campo de control | 20210327224003.0 |
| 008 - CÓDIGOS DE INFORMACIÓN DE LONGITUD FIJA | |
| Campo de control de longitud fija | 030730s2003 sp | ||| ||spa |
| 016 7# - NÚMERO DE CONTROL DE UNA AGENCIA DE BIBLIOGRAFÍA NACIONAL | |
| Número de control del registro | bimoBNE20030654870 |
| Fuente | SpMaBN |
| 017 ## - NÚMERO DE COPYRIGHT O DE DEPÓSITO LEGAL | |
| Número de copyright o de depósito legal | Z 565-2003 |
| Agencia que asigna el número | Oficina Depósito Legal Zaragoza |
| 020 ## - NÚMERO INTERANCIONAL NORMALIZADO PARA LIBROS (ISBN) | |
| Número Internacional Normalizado para Libros (ISBN) | 8474678846 |
| 040 ## - FUENTE DE LA CATALOGACIÓN | |
| Centro catalogador del origen | SpMaBN |
| Lengua de catalogación | spa |
| Centro transcriptor | SpMaBN |
| Normas de descripción | rdc |
| Centro modificador | ES-SlBCS |
| 080 #0 - NÚMERO DE LA CLASIFICACIÓN DECIMAL UNIVERSAL | |
| Número de la Clasificación Decimal Universal | 264.02 |
| 080 #0 - NÚMERO DE LA CLASIFICACIÓN DECIMAL UNIVERSAL | |
| Número de la Clasificación Decimal Universal | 246 |
| 100 10 - PUNTO DE ACCESO PRINCIPAL-NOMBRE DE PERSONA | |
| Nombre de persona | Aldazábal, José |
| Fechas asociadas al nombre | 1933-2006 |
| 9 (RLIN) | 89853 |
| 245 10 - MENCIÓN DE TÍTULO | |
| Título | Gestos y símbolos |
| Mención de responsabilidad, etc. | José Aldazábal |
| 250 ## - MENCIÓN DE EDICIÓN | |
| Mención de edición | 7ª ed. rev. y act. |
| 260 ## - PUBLICACIÓN, DISTRIBUCIÓN, ETC... (PIE DE IMPRENTA) | |
| Lugar de publicación, distribución, etc. | Barcelona : |
| Nombre del editor, distribuidor, etc. | Centre de Pastoral Litúrgica |
| Fecha de publicación, distribución, etc. | , 2003 |
| 300 ## - DESCRIPCIÓN FÍSICA | |
| Extensión | 397 p. ; |
| Dimensiones | 22 cm |
| 490 ## - MENCIÓN DE SERIE | |
| Mención de serie | Dossiers CPL ; |
| Designación de volumen o secuencia | 40 |
| 650 #7 - PUNTO DE ACCESO ADICIONAL DE MATERIA-TÉRMINO DE MATERIA | |
| Término de materia o nombre geográfico como elemento inicial | Gestos Litúrgicos |
| 9 (RLIN) | 89854 |
| 942 ## - ENTRADA DE ELEMENTOS AGREGADOS (KOHA) | |
| Fuente de clasificaión o esquema | |
| Koha [por defecto] tipo de item | Libros |
| Suprimido | Perdido | Fuente de clasificación o esquema | Estropeado | No para préstamo | Localización permanente | Localización actual | Localización en estantería | Fecha adquisición | Préstamos totales | Signatura completa | Número de Registro / Código de Barras | Fecha última consulta | Fecha del precio de reemplazo | Tipo de item de Koha |
|---|---|---|---|---|---|---|---|---|---|---|---|---|---|---|
| San Esteban | San Esteban | Depósito de libros | 09/01/2014 | 264611 CPL ges | 104770 | 09/01/2014 | 09/01/2014 | Libros |
